Las ciencias sociales y las humanidades hoy / (Record no. 167621)
[ view plain ]
| 000 -CABECERA | |
|---|---|
| campo de control de longitud fija | 00588nmm a2200193 u 4500 |
| 005 - FECHA Y HORA DE LA ÚLTIMA TRANSACCIÓN | |
| campo de control | 20240911064513.0 |
| 008 - ELEMENTOS DE LONGITUD FIJA--INFORMACIÓN GENERAL | |
| campo de control de longitud fija | 140206s2010 mx b spa d |
| 020 ## - NÚMERO INTERNACIONAL NORMALIZADO PARA LIBROS | |
| Número Internacional Estándar del Libro | 9786074772258 |
| 035 ## - NÚMERO DE CONTROL DEL SISTEMA | |
| Número de control de sistema | UPN01000195520 |
| 049 ## - COLECCIÓN | |
| Colección | CD |
| 050 #4 - SIGNATURA TOPOGRÁFICA DE LA BIBLIOTECA DEL CONGRESO | |
| Número de clasificación | H62 |
| Número de documento/Ítem | C5.3 |
| 245 04 - MENCIÓN DE TÍTULO | |
| Título | Las ciencias sociales y las humanidades hoy / |
| Mención de responsabilidad, etc. | coord. José Fernández García. |
| 260 ## - PUBLICACIÓN, DISTRIBUCIÓN, ETC. | |
| Lugar de publicación, distribución, etc. | México : |
| Nombre del editor, distribuidor, etc. | UAM, |
| Fecha de publicación, distribución, etc. | 2010. |
| 300 ## - DESCRIPCIÓN FÍSICA | |
| Extensión | 1 CD-ROM ; |
| Otras características físicas | 4 3/4 plg. + |
| Material acompañante/anejo | 1 folleto de (8 p.) |
| 650 #4 - ASIENTO SECUNDARIO DE MATERIA - TERMINO TEMATICO | |
| Término de materia o nombre geográfico como elemento de entrada | Ciencias sociales |
| 9 (RLIN) | 9133 |
| 700 1# - ASIENTO SECUNDARIO--NOMBRE DE PERSONAL | |
| Nombre de persona | Fernández García, José, |
| Término indicativo de función/relación | coord. |
| 905 ## - TIPO DE MATERIAL | |
| Tipo de material | Electrónico |
| Estado de retiro | Estado de pérdida | Fuente del sistema de clasificación o colocación | Estado dañado | No para préstamo | Código de colección | Localización permanente | Ubicación/localización actual | Ubicación en estantería | Total de préstamos | Clasificación | Código de barras | Fecha visto por última vez | Número de copia | Tipo de ítem Koha |
|---|---|---|---|---|---|---|---|---|---|---|---|---|---|---|
| Library of Congress Classification | Discos compactos | Bib. Gregorio Torres Quintero | Bib. Gregorio Torres Quintero | Disco Compacto | H62 C5.3 | 317416 | 31/12/2020 | 1 | Formato Digital | |||||
| Library of Congress Classification | Discos compactos | Bib. Gregorio Torres Quintero | Bib. Gregorio Torres Quintero | Disco Compacto | H62 C5.3 | 317417 | 31/12/2020 | 1 | Formato Digital | |||||
| Library of Congress Classification | Discos compactos | Bib. Gregorio Torres Quintero | Bib. Gregorio Torres Quintero | Disco Compacto | H62 C5.3 | 293509 | 31/12/2020 | 1 | Formato Digital |
